000 00511nam a2200169Ia 4500
999 _c36763
_d36763
003 OSt
005 20201201134158.0
008 190216s9999||||xx |||||||||||||| ||und||
040 _coclc
082 _a615.892
_bNIG/T
100 _aNightingale, Michael
_97100
245 4 _aThe Healing Power Of Acupuncture /
_cMichael Nightingale
260 _bCompetition Review Pvt Ltd,
_aNewdelhi:
_c1995.
300 _a128p
650 _aEnglish
942 _cREF
_2ddc
_h615.892
_iNIG/T
_k615.892
_mNIG/T